Culture Générale - Série 1888 - Statistiques

Statistiques générales
  • Ce quiz a été pris 72 fois
  • Le résultat moyen est 3 sur 10
Statistiques - réponses
Question Réponse % Correct
Quel fruit (considéré comme légume) est l'olivette ? tomate
83%
Quel psychologue et pharmacien ( 1857-1926), prénommé Emile est l'auteur d’une méthode de guérison et de développement personnel fondée sur l’autosuggestion ? Emile Coué
64%
Quelle ville européenne abrite le siège du Comité international olympique (CIO) ? Lausanne
51%
Dans quel département frrançais se trouve le village de Colombey-les-Deux-Églises ? Haute-Marne
42%
Dans quel pays du Moyen-Orient se trouve la ville de "Nain" Iran
25%
Comment appelle-t-on un rassemblement de scouts de tous les pays ? jamboree
23%
De quelle région d'Italie Catanzaro est-elle la "capitale" ? Calabre
17%
Le potorou est un animal appelé également " rat-..... voir photo kangourou
3%
Dans l'antiquité égyptienne, quel est était le nom du cobra femelle qui avait pour fonction de protéger le pharaon contre ses ennemis ? uraeus
1%
Autrefois, comment appelait-on le petit fagot composé de morceaux de bois courts et de médiocre grosseur ? cotret
0%
Aucun quiz correspondant
Distribution des résultats
% des personnes avec chaque résultat
Percentile par nombre de réponses
Votre historique - résultats
Vous n’avez pas pris ce quiz